| 000 | 00796nam a22002297a 4500 | ||
|---|---|---|---|
| 003 | UA-OsUOA | ||
| 001 | 86527 | ||
| 007 | ta | ||
| 008 | 20120905b un ||||| |||| 00| 0 ukr d | ||
| 090 |
_a94(477).09 _bУ45 |
||
| 942 | _cBK | ||
| 040 |
_aUA-OsUOA _brus _cUA-OsUOA _dUA-OsUOA |
||
| 245 |
_aУкраинская ССР в годы Великой Отечественной войны Советского Союза _b1941 - 1945 гг. _cред. Белинский Е. Ф., Мезовцева М. Б., Харченко С. К. _n1 |
||
| 300 | _a544 с. | ||
| 955 | _a2 | ||
| 041 | _arus | ||
| 080 | _a94(477).09 | ||
| 260 |
_aКиев _bПолитиздат Украины _c1975 |
||
| 044 | _aRU | ||
| 650 | 7 |
_a9 Географія. Біографії. Історія _2UDC |
|
| 999 |
_c372607 _d372607 |
||